000
00281nam a22001217a 4500
003
OSt
082
_b
IR KAU/PLAN
_a
VI
245
_a
Annual plan proposals 1984-85
260
_a
Vellanikkara
_b
Kerala Agricultural University
300
_a
58p.
546
_a
English
942
_2
ddc
_c
IR
999
_c
161488
_d
161488